| 000 | 00882cad a22002055a 4500 | ||
|---|---|---|---|
| 001 | E155072 | ||
| 008 | 120227e20120225xxk 000 0 eng u | ||
| 035 | _a(Sirsi) u155072 | ||
| 041 | 0 | _aeng | |
| 110 | 2 |
_aBank of Scotland _95792 |
|
| 245 | 0 | 0 |
_aSecond steppers _btrapped in first home _h[electronic resource] |
| 260 | _c2012 | ||
| 490 |
_aBank of Scotland Press Release _v25 February 2012 |
||
| 520 | _aResearch by Bank of Scotland suggests that 65% of those wanting to move on to their second home have been unable to do so due to difficulties in selling their current house and a lack of affordable property to buy. | ||
| 590 | _aKA | ||
| 651 | 4 |
_aScotland _y1999- |
|
| 690 |
_aResidential property _96266 |
||
| 856 | 4 | 0 |
_uhttps://www.lloydsbankinggroup.com/media/pdfs/bos/2012/2502_Trapped.pdf _zView the news release free of charge at www.lloydsbankinggroup.com |
| 942 | _n0 | ||
| 999 |
_c83804 _d83804 |
||